[Event "38th Olympiad"]
[Site "Dresden GER"]
[Date "2008.11.16"]
[Round "4"]
[White "Alfaro,W"]
[Black "Ghane,S"]
[Result "0-1"]
[WhiteElo "2200"]
[BlackElo "2408"]
[EventDate "2008.11.13"]

1. d4 d5 2. Nf3 Nf6 3. c4 e6 4. Nc3 Nbd7 5. Bg5 Bb4 6. e3 c5 7. cxd5 exd5
8. Bd3 c4 9. Bf5 Qa5 10. Qc2 O-O 11. O-O Re8 12. a3 Bxc3 13. bxc3 Ne4 14.
Rfc1 Nb6 15. Bxc8 Raxc8 16. Bf4 Na4 17. Rab1 b5 18. Rb4 a6 19. Ne5 f6 20.
Ng4 Nexc3 21. f3 Qd8 22. Qd2 a5 23. Rb2 Nxb2 24. Qxb2 b4 25. axb4 axb4 26.
h4 Ra8 27. Rxc3 bxc3 28. Qxc3 Qa5 29. Qc2 Qe1+ 0-1

[Event "38th Olympiad"]
[Site "Dresden GER"]
[Date "2008.11.16"]
[Round "4"]
[White "Amir,K"]
[Black "Solomon,K"]
[Result "0-1"]
[WhiteElo "2265"]
[BlackElo "2337"]
[EventDate "2008.11.13"]

1. d4 Nf6 2. c4 e6 3. Nf3 b6 4. g3 Ba6 5. b3 b5 6. Bg2 bxc4 7. Ne5 Bb4+ 8.
Bd2 cxb3 9. Qxb3 Bxd2+ 10. Nxd2 c6 11. Rb1 O-O 12. Qa3 Qc8 13. h4 d5 14. h5
h6 15. g4 Nfd7 16. g5 Nxe5 17. dxe5 hxg5 18. Qg3 Qd8 19. Nf3 Qa5+ 20. Kf1
Qxa2 21. Re1 Nd7 22. Qxg5 Rab8 23. h6 g6 24. h7+ Kh8 25. Bh3 Rb2 26. Qe3
Qb3 27. Qf4 Qc4 28. Qe3 Rb3 29. Qxa7 Rxf3 30. Qxd7 Qf4 31. Qa7 d4 32. Kg1
Rxf2 33. Bg2 Qg3 34. Rh2 Rxg2+ 35. Rxg2 Qxe1+ 36. Kh2 Qh4+ 37. Kg1 Bc4 38.
Qc5 Qe1+ 39. Kh2 Qh4+ 40. Kg1 Ra8 0-1

[Event "38th Olympiad"]
[Site "Dresden GER"]
[Date "2008.11.16"]
[Round "4"]
[White "Hracek,Z"]
[Black "Buhmann,R"]
[Result "1/2-1/2"]
[WhiteElo "2613"]
[BlackElo "2541"]
[EventDate "2008.11.13"]

1. e4 e5 2. Nf3 Nc6 3. Bb5 Nf6 4. O-O Nxe4 5. d4 Nd6 6. Bxc6 dxc6 7. dxe5
Nf5 8. Qxd8+ Kxd8 9. Nc3 h6 10. h3 Bd7 11. Ne4 b6 12. b3 Kc8 13. Bb2 c5 14.
c4 Be6 15. g4 Ne7 16. Ng3 g6 17. Nh2 g5 18. Nh5 Ng6 19. Kg2 Kb7 20. Kg3 Rg8
21. Nf6 Rh8 22. Nh5 a6 23. Rfd1 Rg8 24. Nf6 Rh8 25. Nh5 Rg8 26. Nf6 Rh8 27.
Nh5 Rg8 1/2-1/2

[Event "38th Olympiad"]
[Site "Dresden GER"]
[Date "2008.11.16"]
[Round "4"]
[White "Sepp,O"]
[Black "Blagojevic,Dr"]
[Result "1/2-1/2"]
[WhiteElo "2448"]
[BlackElo "2522"]
[EventDate "2008.11.13"]

1. e4 e5 2. Nf3 Nc6 3. d4 exd4 4. Nxd4 Nf6 5. Nc3 Bb4 6. Nxc6 bxc6 7. Bd3
O-O 8. O-O d5 9. exd5 cxd5 10. Bg5 c6 11. Qf3 Bd6 12. Rae1 h6 13. Bxf6 Qxf6
14. Qxf6 gxf6 15. Ne2 c5 16. b3 Be6 17. c4 dxc4 18. Bxc4 Bxc4 19. bxc4 Rab8
20. Rd1 Rfd8 21. Rd5 Be5 22. Rxc5 Rb2 23. Nc1 Rdd2 24. g3 Kg7 25. Kg2 Kg6
26. Rb5 Rbc2 27. Nb3 Rd7 28. c5 Rxa2 29. c6 Rc7 30. Rc1 Rb2 31. Rc4 a5 32.
Kh3 a4 33. Rg4+ Kh7 34. Rxa4 Rxc6 35. f4 Rcc2 36. Kg4 Bc7 37. Nd4 Rxb5 38.
Nxb5 f5+ 39. Kh3 Bb6 40. Nd4 Bxd4 41. Rc4 1/2-1/2

[Event "38th Olympiad"]
[Site "Dresden GER"]
[Date "2008.11.16"]
[Round "4"]
[White "Kalezic,B"]
[Black "Volodin,Alek"]
[Result "0-1"]
[WhiteElo "2448"]
[BlackElo "2393"]
[EventDate "2008.11.13"]

1. e4 c5 2. Nf3 d6 3. d4 cxd4 4. Nxd4 Nf6 5. Nc3 g6 6. Be3 Bg7 7. f3 a6 8.
Bc4 b5 9. Bb3 Bb7 10. Qd2 Nbd7 11. O-O-O Nc5 12. Kb1 Rc8 13. Bh6 Nxb3 14.
axb3 Bxh6 15. Qxh6 Qc7 16. Rd2 Qc5 17. g4 Ng8 18. Qh4 Nf6 19. Re1 O-O 20.
g5 Nh5 21. Nf5 gxf5 22. Qxh5 Qe5 23. Nd5 Rc5 24. Qh4 Kh8 25. g6 fxg6 26.
exf5 g5 27. Qf2 Qxf5 28. Nxe7 Qxf3 29. Qd4+ Rf6 30. Re6 Kg7 31. Rxd6 Qf1+
32. Ka2 Rc7 33. Ng8 0-1

[Event "38th Olympiad"]
[Site "Dresden GER"]
[Date "2008.11.16"]
[Round "4"]
[White "Bachmann,Ax"]
[Black "Njobvu,I"]
[Result "1-0"]
[WhiteElo "2555"]
[BlackElo "2247"]
[EventDate "2008.11.13"]

1. e4 Nf6 2. e5 Nd5 3. c4 Nb6 4. d4 d6 5. f4 dxe5 6. fxe5 Nc6 7. Be3 Bf5 8.
Nc3 e6 9. Nf3 Bg4 10. Be2 Bxf3 11. gxf3 Qh4+ 12. Bf2 Qf4 13. c5 Nd5 14.
Nxd5 exd5 15. Qd2 Qxd2+ 16. Kxd2 g6 17. Be3 Bg7 18. h4 h5 19. Bd3 Ne7 20.
b4 Kd7 21. Rhg1 Ke6 22. Raf1 Bh6 23. Bxh6 Rxh6 24. f4 Nf5 25. Bxf5+ gxf5
26. Rg5 Rg6 27. Ke3 a5 28. b5 a4 29. Rfg1 Rxg5 30. fxg5 Rg8 31. Kf3 Rg7 32.
Rg3 Rg8 33. Kf4 Ra8 34. g6 1-0

[Event "38th Olympiad"]
[Site "Dresden GER"]
[Date "2008.11.16"]
[Round "4"]
[White "Kropff,R"]
[Black "Pitlagano,T"]
[Result "1/2-1/2"]
[WhiteElo "2286"]
[BlackElo "2155"]
[EventDate "2008.11.13"]

1. d4 Nf6 2. c4 g6 3. Nc3 Bg7 4. e4 d6 5. f3 O-O 6. Be3 e5 7. Nge2 Nbd7 8.
Qd2 exd4 9. Nxd4 Re8 10. Be2 a6 11. O-O c6 12. Rad1 Qc7 13. Rc1 Ne5 14.
Rfd1 c5 15. Nd5 Nxd5 16. cxd5 Qd8 17. Nc2 b5 18. b4 c4 19. Bd4 Qh4 20. f4
Bh6 21. g3 Qh3 22. Ne3 Ng4 23. Bxg4 Bxg4 24. Nxg4 Qxg4 25. Re1 g5 26. fxg5
Bxg5 27. Qg2 Bxc1 28. Rxc1 Qxe4 29. Qf2 f5 30. Rf1 Rac8 31. Qd2 Qg4 32. Rf4
Qg6 33. Rh4 Re4 34. Rh6 Qg4 35. Rh4 Rxd4 36. Rxg4+ Rxg4 37. Qf2 Rg6 38.
Qxf5 Rf8 39. Qd7 c3 40. Qc6 Rf3 41. Qc8+ Kg7 42. Qd7+ Kh6 43. Qh3+ Kg7 44.
Qd7+ Kg8 45. Qc8+ Kg7 1/2-1/2

[Event "38th Olympiad"]
[Site "Dresden GER"]
[Date "2008.11.16"]
[Round "4"]
[White "Croes,O"]
[Black "Sveshnikov,E"]
[Result "1-0"]
[WhiteElo "1980"]
[BlackElo "2525"]
[EventDate "2008.11.13"]

1. c4 e6 2. Nc3 d5 3. d4 c6 4. Nf3 Nf6 5. g3 dxc4 6. Ne5 b5 7. Bg2 Nd5 8.
O-O f6 9. e4 Nxc3 10. Qh5+ g6 11. Nxg6 Ne2+ 12. Kh1 hxg6 13. Qxh8 Nxc1 14.
d5 Nd3 15. f4 cxd5 16. f5 gxf5 17. exf5 e5 18. g4 Bb7 19. g5 Nd7 20. Qg8
Qe7 21. Bxd5 Nb6 22. gxf6 Bc6 1-0

[Event "38th Olympiad"]
[Site "Dresden GER"]
[Date "2008.11.16"]
[Round "4"]
[White "Meijers,V"]
[Black "Lopez,Jus"]
[Result "1-0"]
[WhiteElo "2514"]
[BlackElo "1948"]
[EventDate "2008.11.13"]

1. e4 c5 2. Nf3 d6 3. d4 cxd4 4. Nxd4 Nf6 5. Nc3 a6 6. Be2 e5 7. Nb3 Be6 8.
f4 exf4 9. Bxf4 Nc6 10. Qd2 d5 11. exd5 Nxd5 12. Nxd5 Qxd5 13. O-O-O Qxd2+
14. Rxd2 Be7 15. Be3 O-O 16. Nc5 Bxc5 17. Bxc5 Rfd8 18. Rhd1 Rxd2 19. Rxd2
Rd8 20. Bd6 f5 21. c4 Kf7 22. b3 Kf6 23. Bf3 Rd7 24. Kc2 g5 25. g3 Kg6 26.
Kc3 h5 27. b4 h4 28. gxh4 gxh4 29. a4 Kf6 30. c5 Nd8 31. b5 axb5 32. axb5
Nf7 33. Bf4 Rxd2 34. Bxd2 Bc8 35. Bf4 Nd8 36. Kb4 Ne6 37. Bd6 Ng5 38. Bd5
Ne4 39. Bf4 Ng5 40. Ka5 Ne6 41. Bd6 Nd4 42. Kb6 Bd7 43. c6 bxc6 44. bxc6
Bc8 45. c7 Ne6 46. Bb7 Bxb7 47. Kxb7 Nxc7 48. Bxc7 Kg5 49. h3 f4 50. Kc6 f3
51. Bb6 Kf4 52. Bf2 Ke4 1-0

[Event "38th Olympiad"]
[Site "Dresden GER"]
[Date "2008.11.16"]
[Round "4"]
[White "Gerard,F"]
[Black "Lanka,Z"]
[Result "0-1"]
[WhiteElo "2170"]
[BlackElo "2491"]
[EventDate "2008.11.13"]

1. d4 Nf6 2. c4 c5 3. d5 b5 4. cxb5 a6 5. bxa6 g6 6. Nc3 Bxa6 7. e4 Bxf1 8.
Kxf1 Bg7 9. Nge2 O-O 10. f3 Na6 11. Be3 e6 12. Rb1 exd5 13. e5 Ne8 14. Qxd5
Nec7 15. Qd6 Re8 16. f4 f6 17. Rd1 fxe5 18. Bxc5 Bf8 19. Qxd7 Nxc5 20. Qxd8
Rexd8 21. Rxd8 Rxd8 22. fxe5 N7e6 23. g3 Rd2 24. b4 Nd3 25. a3 Bg7 26. Ne4
Rb2 0-1

[Event "38th Olympiad"]
[Site "Dresden GER"]
[Date "2008.11.16"]
[Round "4"]
[White "Samolins,V"]
[Black "Jacobusse,W"]
[Result "1-0"]
[WhiteElo "2444"]
[BlackElo "1999"]
[EventDate "2008.11.13"]

1. e4 c6 2. d3 d5 3. Nd2 dxe4 4. dxe4 e5 5. Ngf3 Nd7 6. Bc4 h6 7. O-O Qc7
8. a4 b6 9. Qe2 Ngf6 10. b3 Bd6 11. Bb2 O-O 12. Rfd1 Nc5 13. b4 Ne6 14. Nf1
Nf4 15. Qe3 Ng6 16. Bc3 Bb7 17. Ng3 Rfe8 18. Rd2 Rad8 19. Rad1 Rd7 20. Nf5
Bf8 21. Rxd7 Nxd7 22. Ng5 hxg5 23. Qxg5 Nh8 24. Nh6+ Kh7 25. Nxf7 Nxf7 26.
Bxf7 1-0

[Event "38th Olympiad"]
[Site "Dresden GER"]
[Date "2008.11.16"]
[Round "4"]
[White "Bradshaw,K"]
[Black "Merritt,M"]
[Result "0-1"]
[WhiteElo "1835"]
[BlackElo "2123"]
[EventDate "2008.11.13"]

1. e4 c5 2. Nc3 Nc6 3. f4 g6 4. Nf3 Bg7 5. Bb5 d6 6. O-O e6 7. f5 exf5 8.
exf5 Bxf5 9. Nd5 Nge7 10. Nxe7 Qxe7 11. Re1 Be6 12. d4 d5 13. c4 Qd6 14.
Be3 cxd4 15. Bxd4 O-O 16. Bxg7 Kxg7 17. Bxc6 bxc6 18. Qd4+ Kg8 19. c5 Qd8
20. b4 a5 21. Ne5 Qc7 22. a3 axb4 23. axb4 Rxa1 24. Qxa1 Qb7 25. Qa4 Bd7
26. Ra1 Re8 27. Qa7 Qxb4 28. Nf3 Bg4 29. Qb6 Qc3 0-1

[Event "38th Olympiad"]
[Site "Dresden GER"]
[Date "2008.11.16"]
[Round "4"]
[White "Cave,C"]
[Black "Lill,S"]
[Result "1-0"]
[WhiteElo "2250"]
[BlackElo "1885"]
[EventDate "2008.11.13"]

1. e4 d5 2. exd5 Nf6 3. c4 c6 4. d4 cxd5 5. Nf3 Bg4 6. c5 g6 7. Bb5+ Nc6 8.
Qa4 Bd7 9. Nc3 a6 10. Bxc6 Bxc6 11. Qc2 Bg7 12. O-O Nd7 13. Bf4 O-O 14.
Rfe1 b6 15. b4 Rc8 16. Rab1 bxc5 17. bxc5 f6 18. Re6 Nxc5 19. dxc5 Bd7 20.
Qe2 Rxc5 21. Rxe7 Rxc3 22. Rb7 Rc2 23. Qe1 Rf7 24. Rbxd7 Qxd7 25. Rxd7 1-0

[Event "38th Olympiad"]
[Site "Dresden GER"]
[Date "2008.11.16"]
[Round "4"]
[White "Dill,J"]
[Black "Singh,Rav"]
[Result "0-1"]
[WhiteElo "2093"]
[BlackElo "2084"]
[EventDate "2008.11.13"]

1. e4 c5 2. Nf3 e6 3. d4 cxd4 4. Nxd4 Nf6 5. Bd3 Qb6 6. Nb3 d5 7. Be3 Qc7
8. exd5 Nxd5 9. Bd2 Bd6 10. Nc3 Nxc3 11. Bxc3 Be5 12. Nd4 Nc6 13. Bb5 O-O
14. Bxc6 bxc6 15. Qf3 Bb7 16. Qh3 c5 17. Ne2 Ba6 18. Qe3 Bxc3+ 19. Nxc3
Rad8 20. Ne2 Qb7 21. Qc3 Bxe2 22. Kxe2 Qb5+ 23. Ke3 Rd4 24. Rhd1 Rfd8 25.
Rxd4 cxd4+ 0-1

[Event "38th Olympiad"]
[Site "Dresden GER"]
[Date "2008.11.16"]
[Round "4"]
[White "Sujendra,P"]
[Black "Nezad,H"]
[Result "0-1"]
[WhiteElo "2068"]
[BlackElo "2401"]
[EventDate "2008.11.13"]

1. e4 c6 2. d4 d5 3. e5 Bf5 4. Bd3 Bxd3 5. Qxd3 e6 6. Ne2 c5 7. c3 Nc6 8.
O-O Nge7 9. f4 Qb6 10. dxc5 Qxc5+ 11. Be3 Qa5 12. b4 Qa4 13. Bc5 h5 14. Nd2
b6 15. Bd6 Nf5 16. Bxf8 Kxf8 17. Nb3 g6 18. Nbd4 Ncxd4 19. Nxd4 Nxd4 20.
cxd4 Qxb4 21. Rac1 Kg7 22. a3 Qe7 23. Rc6 Rhc8 24. Rfc1 Qd7 25. Qc3 Rxc6
26. Qxc6 Qxc6 27. Rxc6 Rb8 28. Kf2 a5 29. Ke2 b5 30. Kd3 b4 31. a4 b3 32.
Rc1 Rb4 33. Rb1 Rxa4 34. Rxb3 Ra2 35. g3 Rxh2 36. Ke3 Ra2 37. Kf3 a4 38.
Rb4 a3 39. Ra4 Ra1 40. Kg2 g5 41. Ra8 gxf4 42. gxf4 a2 43. Ra7 Kg6 44. Kh2
h4 45. Kg2 h3+ 46. Kh2 Kh5 47. Ra3 Kg4 48. Ra7 Kf3 49. f5 exf5 50. Ra6 f4
51. e6 fxe6 52. Ra8 Re1 53. Ra3+ Re3 54. Ra7 Re2+ 55. Kxh3 Ke4 56. Kg4 f3
57. Kg3 Rg2+ 58. Kh3 Kxd4 59. Ra4+ Ke5 60. Ra6 d4 61. Ra3 Kf4 62. Ra8 Rg1
63. Rxa2 Rh1+ 64. Rh2 Rxh2+ 65. Kxh2 Ke5 0-1

[Event "38th Olympiad"]
[Site "Dresden GER"]
[Date "2008.11.16"]
[Round "4"]
[White "Al Hitmi,M"]
[Black "Manish,H"]
[Result "1/2-1/2"]
[WhiteElo "2161"]
[BlackElo "2028"]
[EventDate "2008.11.13"]

1. d4 Nf6 2. c4 e5 3. dxe5 Ng4 4. e3 Nxe5 5. Nh3 Nbc6 6. Nf4 g6 7. Nc3 Bg7
8. Be2 d6 9. O-O O-O 10. Qd2 Bg4 11. f3 Be6 12. b3 Bh6 13. Bb2 Re8 14. Nfd5
Nd7 15. Ne4 Nce5 16. f4 f5 17. Nf2 Bxd5 18. Qxd5+ Nf7 19. Qd4 Qe7 20. e4
Nc5 21. Bf3 Ne6 22. Qc3 Nxf4 23. exf5 gxf5 24. Rae1 Qg5 25. g3 c6 26. Kh1
Ne6 27. Nh3 Qd2 28. Bh5 Qxc3 29. Bxc3 Ng7 30. Bxg7 Kxg7 31. Rxe8 Rxe8 32.
Bxf7 Kxf7 33. Rxf5+ Ke6 34. Rf1 Be3 35. Kg2 d5 36. cxd5+ cxd5 37. Rd1 d4
38. Kf3 Kd5 39. Nf4+ Bxf4 40. gxf4 Re3+ 41. Kg4 Ke4 42. f5 h5+ 43. Kxh5
Rh3+ 44. Kg6 Rxh2 45. Rf1 Rh8 46. Kg7 Rd8 47. f6 d3 48. f7 d2 49. f8=Q Rxf8
50. Kxf8 Ke3 51. Ke7 Ke2 52. Rh1 d1=Q 53. Rxd1 Kxd1 54. Kd6 Kc2 55. Kc7 b5
56. Kc6 b4 57. Kb5 Kb2 58. Kxb4 Kxa2 59. Ka4 a5 60. Kxa5 Kxb3 1/2-1/2

[Event "38th Olympiad"]
[Site "Dresden GER"]
[Date "2008.11.16"]
[Round "4"]
[White "Bakr,J"]
[Black "Matoewi,R"]
[Result "1-0"]
[WhiteElo "2338"]
[BlackElo "2182"]
[EventDate "2008.11.13"]

1. d4 Nf6 2. Nf3 g6 3. c4 Bg7 4. Nc3 c5 5. d5 d6 6. Nd2 O-O 7. e4 Na6 8.
Be2 Nc7 9. O-O a6 10. a4 e6 11. Kh1 exd5 12. cxd5 Bd7 13. a5 Re8 14. Re1
Nb5 15. Bf3 h5 16. Nc4 Ng4 17. Bxg4 Bxg4 18. Qd3 Bd7 19. Na4 Qf6 20. Be3
Qh4 21. f3 Qf6 22. Nab6 Rad8 23. Qd2 Qe7 24. Bf4 f6 25. Rac1 Kh7 26. b4
cxb4 27. Qxb4 Bh6 28. Bxh6 Kxh6 29. Na3 Nxa3 30. Qxa3 Bb5 31. Rc3 Qe5 32.
Rc7 Re7 33. f4 1-0

[Event "38th Olympiad"]
[Site "Dresden GER"]
[Date "2008.11.16"]
[Round "4"]
[White "Siban,M"]
[Black "Hamad,Ah"]
[Result "1/2-1/2"]
[WhiteElo "2067"]
[BlackElo "2287"]
[EventDate "2008.11.13"]

1. e4 g6 2. d4 Bg7 3. Be3 c6 4. Bd3 Qb6 5. Ne2 Qxb2 6. Nbc3 Qb6 7. Rb1 Qd8
8. Qd2 d5 9. O-O dxe4 10. Nxe4 Nd7 11. f4 Ngf6 12. f5 Nxe4 13. Bxe4 Nf6 14.
Bd3 gxf5 15. Bxf5 Bxf5 16. Rxf5 Qd7 17. Rf3 h5 18. Ng3 e6 19. Bg5 h4 20.
Bxf6 Bxf6 21. Rxf6 hxg3 22. hxg3 O-O-O 23. c3 Rh7 24. Rh6 Rg7 25. Qf4 Rdg8
26. Rh3 Qd5 27. Rb2 Qa5 28. Qe3 Qg5 29. Qf4 c5 30. Kh2 Qxf4 31. gxf4 cxd4
32. cxd4 Rd8 33. Rc3+ Kb8 34. Rd2 Rh7+ 35. Kg3 Rh5 36. Kf3 b6 37. Ke3 Rg8
38. Kf3 Rd5 39. Rcc2 Kb7 40. Rc3 Rgd8 41. Ke3 R8d7 42. Rc1 Ra5 43. Rcc2 Ra4
44. Rd3 f5 45. g3 Rd6 46. Rd1 Rc6 47. Re2 Ra5 48. Kf2 Kc7 49. Rdd2 Kd6 50.
Re5 Rd5 51. Rde2 Rxe5 52. dxe5+ Ke7 53. Rd2 Rc3 54. Rb2 Ra3 55. Kg2 Kd7 56.
Rd2+ Kc7 57. Rc2+ Kb7 58. Kh3 b5 59. Kh4 a5 60. g4 Rf3 61. Kg5 fxg4 62.
Kxg4 Rf1 63. Kg5 Kb6 64. Kf6 Rxf4+ 65. Kxe6 Rc4 66. Rd2 b4 67. Kd7 Re4 68.
e6 Kb5 69. e7 a4 70. e8=Q Rxe8 71. Kxe8 b3 72. axb3 axb3 73. Rd8 Kc4 74.
Rc8+ Kd3 75. Rb8 Kc2 76. Kd7 b2 77. Rc8+ Kd2 78. Rb8 Kc2 79. Rc8+ Kd2 80.
Rb8 Kc2 1/2-1/2

[Event "38th Olympiad"]
[Site "Dresden GER"]
[Date "2008.11.16"]
[Round "4"]
[White "Raes,A"]
[Black "Veer,W"]
[Result "1-0"]
[WhiteElo "2202"]
[BlackElo "1959"]
[EventDate "2008.11.13"]

1. e4 e6 2. d3 d5 3. Nd2 Nf6 4. g3 b6 5. Bg2 Bb7 6. Ne2 Be7 7. O-O O-O 8.
Nf4 e5 9. Nh5 Nbd7 10. Re1 d4 11. Nxf6+ Bxf6 12. f4 Re8 13. Nf3 c5 14. f5
h6 15. h4 Rc8 16. Qe2 a6 17. Bf1 b5 18. Qf2 a5 19. a4 b4 20. g4 Qc7 21. g5
hxg5 22. hxg5 Bd8 23. b3 Qd6 24. Qh4 g6 25. f6 Nxf6 26. gxf6 Qxf6 27. Qg3
Qg7 28. Bh3 Rc7 29. Ng5 Bxg5 30. Bxg5 f6 31. Bd2 Kf7 32. Rf1 Ke7 33. Rf2
Rh8 34. Raf1 Rc6 35. Rxf6 Rxf6 36. Qxe5+ 1-0

[Event "38th Olympiad"]
[Site "Dresden GER"]
[Date "2008.11.16"]
[Round "4"]
[White "Treu,A"]
[Black "Hakki,I"]
[Result "0-1"]
[WhiteElo "2125"]
[BlackElo "2422"]
[EventDate "2008.11.13"]

1. d4 Nf6 2. Nf3 c5 3. c4 e6 4. g3 cxd4 5. Nxd4 Bb4+ 6. Bd2 Be7 7. Bg2 Nc6
8. e3 O-O 9. O-O d5 10. cxd5 Nxd4 11. exd4 Nxd5 12. Bc3 b6 13. Nd2 Bb7 14.
Nf3 Rc8 15. Qb3 Nxc3 16. bxc3 Bd5 17. Qb2 Qc7 18. Rac1 Qb7 19. Ne1 Qa6 20.
Bxd5 Ba3 21. Bb7 Qxf1+ 22. Kxf1 Bxb2 23. Rb1 Rb8 24. Rxb2 Rxb7 25. Rb3 Rc8
26. Ke2 Rbc7 27. Kd2 Rc4 28. Nd3 Ra4 29. a3 Ra5 30. Ne5 f6 31. Nd3 e5 32.
dxe5 fxe5 33. Ke3 Kf7 34. f3 Ke6 35. Nf2 Rc4 36. Ne4 h6 37. h4 Rca4 38. Rb2
Rxa3 39. Rd2 Rd5 40. Re2 b5 41. Kf2 Kf7 42. g4 a5 43. Rc2 Ra4 44. h5 Rc4
45. Rb2 a4 46. g5 a3 47. Ra2 Ra4 48. g6+ Ke6 49. Ke3 Kf5 50. Ke2 Kf4 51.
Kf2 Rd3 52. Nc5 Rxf3+ 53. Kg2 Rxc3 54. Ne6+ Kg4 55. Nxg7 Ra8 56. Kf1 b4 57.
Rg2+ Rg3 0-1

[Event "38th Olympiad"]
[Site "Dresden GER"]
[Date "2008.11.16"]
[Round "4"]
[White "Ssegirinya,J"]
[Black "Hassan,Ab"]
[Result "0-1"]
[WhiteElo "2013"]
[BlackElo "2287"]
[EventDate "2008.11.13"]

1. d4 d5 2. Nf3 Nf6 3. Bf4 c5 4. c3 Qb6 5. b3 Nc6 6. e3 Bf5 7. Bd3 Bg6 8.
Ne5 e6 9. Bxg6 hxg6 10. h3 Be7 11. Qd3 Rc8 12. Nd2 O-O 13. Ndf3 cxd4 14.
exd4 Nxe5 15. dxe5 Ne4 16. Be3 Qa5 17. Bd4 Nxc3 18. O-O Ne4 19. Nh2 Bc5 20.
Ng4 Bxd4 21. Qxd4 Rc2 22. a3 Nd2 23. b4 Qc7 24. Nf6+ gxf6 25. exf6 Nxf1 26.
Qh4 Qh2+ 0-1

[Event "38th Olympiad"]
[Site "Dresden GER"]
[Date "2008.11.16"]
[Round "4"]
[White "Celis,S"]
[Black "AlHuwar,J"]
[Result "0-1"]
[WhiteElo "2009"]
[BlackElo "2230"]
[EventDate "2008.11.13"]

1. d4 Nf6 2. c4 g6 3. Nc3 d5 4. Nf3 Bg7 5. g3 O-O 6. cxd5 Nxd5 7. Bg2 c5 8.
Nxd5 Qxd5 9. O-O cxd4 10. e3 d3 11. Ne1 Qa5 12. Qxd3 Rd8 13. Qc2 Na6 14.
Nf3 Bf5 15. e4 Rac8 16. Qe2 Be6 17. Rd1 Rxd1+ 18. Qxd1 Nc5 19. Bd2 Qb6 20.
Ng5 Qxb2 21. Rb1 Qxa2 22. Nxe6 Nxe6 23. Be3 b6 24. Bh3 Rd8 25. Qe1 Nd4 26.
Rd1 Qc2 27. Kh1 a5 28. Rd2 Qxe4+ 29. Bg2 Qf5 30. h4 h5 31. Bg5 Bf6 32. Qd1
b5 33. Be3 Qc5 34. Be4 b4 35. Qb1 Kg7 36. Rc2 Qe5 37. Ra2 b3 38. Ra3 Ne2
39. Rxb3 Nc3 40. Rxc3 Qxc3 41. Kg2 Qb2 42. Qf1 a4 43. g4 hxg4 44. h5 gxh5
45. Qa6 a3 46. Qa5 Qe5 47. Qxd8 Qxe4+ 48. Kg3 h4+ 49. Kh2 Be5+ 50. Kg1 Qb1+
0-1

[Event "38th Olympiad"]
[Site "Dresden GER"]
[Date "2008.11.16"]
[Round "4"]
[White "Davletbakov,S"]
[Black "Andolo,H"]
[Result "1-0"]
[WhiteElo "2145"]
[BlackElo "2139"]
[EventDate "2008.11.13"]

1. e4 e5 2. Nf3 Nc6 3. Bb5 a6 4. Ba4 Nf6 5. O-O Be7 6. Re1 b5 7. Bb3 O-O 8.
h3 d6 9. c3 Na5 10. Bc2 c5 11. d3 h6 12. Nbd2 Re8 13. Nf1 Bf8 14. Ng3 g6
15. Bd2 Bb7 16. a4 Nc6 17. axb5 axb5 18. Rxa8 Qxa8 19. Qc1 Kh7 20. Bb3 c4
21. Bc2 d5 22. exd5 Nxd5 23. dxc4 bxc4 24. Nh2 f5 25. Nxf5 Nf4 26. Bxf4
exf4 27. Rxe8 Qxe8 28. Nh4 Ne5 29. Qxf4 Nd3 30. Qc7+ Bg7 31. Ng4 Qc6 32.
Qxc6 Bxc6 33. b3 Bb5 34. bxc4 Bxc4 35. Ne3 Ba6 36. Nxg6 Nxf2 37. Nf4+ Kg8
38. Kxf2 Bxc3 39. Kf3 Bb7+ 40. Be4 Bc8 41. Ned5 1-0

[Event "38th Olympiad"]
[Site "Dresden GER"]
[Date "2008.11.16"]
[Round "4"]
[White "Belkhodja,S"]
[Black "Aderito,P"]
[Result "1-0"]
[WhiteElo "2476"]
[BlackElo "2349"]
[EventDate "2008.11.13"]

1. e4 c5 2. Nf3 d6 3. d4 cxd4 4. Qxd4 a6 5. Be3 e5 6. Qd2 Nf6 7. Nc3 h6 8.
Bc4 Be6 9. Bb3 Nbd7 10. Nh4 Bxb3 11. axb3 g6 12. Nf3 Rc8 13. O-O Nc5 14.
Bxc5 Rxc5 15. Qe2 Qc8 16. Ne1 Be7 17. Nd3 Rxc3 18. bxc3 Qxc3 19. Ra4 O-O
20. Rc4 Qa5 21. Nb4 Qb5 22. Rd1 Kg7 23. Nd5 Nxd5 24. Rxd5 Qd7 25. g3 h5 26.
Rc3 h4 27. g4 Qe6 28. h3 f5 29. Rf3 fxg4 30. Rxf8 Kxf8 31. Qxg4 Qxg4+ 32.
hxg4 Kf7 33. Kg2 Ke6 34. c4 g5 35. Rd3 a5 36. Rf3 b6 37. Kf1 Bf6 38. Ke2
Be7 39. Kd3 1-0

[Event "38th Olympiad"]
[Site "Dresden GER"]
[Date "2008.11.16"]
[Round "4"]
[White "Domingos,E"]
[Black "Njili,K"]
[Result "0-1"]
[WhiteElo "2198"]
[BlackElo "2350"]
[EventDate "2008.11.13"]

1. d4 Nf6 2. Nf3 e6 3. e3 b6 4. c4 Bb7 5. Nbd2 d5 6. Bd3 Bd6 7. O-O Nbd7 8.
b3 Ne4 9. Bb2 Qf6 10. cxd5 exd5 11. Qc2 Qe7 12. Bb5 O-O 13. Rac1 c6 14. Bd3
f5 15. Rfd1 Rae8 16. Nf1 Rf6 17. Ng3 Qf7 18. Nf1 Rh6 19. Re1 Ree6 20. a3 a5
21. Ra1 b5 22. Qd1 Qe7 23. a4 b4 24. Rc1 g5 25. Ne5 Nxe5 26. dxe5 Bxe5 27.
Bxe5 Rxe5 28. Bxe4 dxe4 29. Qd4 c5 30. Qc4+ Kf8 31. Qb5 Ba6 32. Qb8+ Kf7
33. Nd2 Rd6 34. Nc4 Bxc4 35. Rxc4 Qd8 36. Qb5 Rd1 37. Rc1 Rxe1+ 38. Rxe1
Qd5 39. Qxa5 Qxb3 40. Qc7+ Kf6 41. Qd8+ Kg6 42. Rd1 Qf7 43. Rd6+ Re6 44.
Qb6 Rxd6 45. Qxd6+ Qf6 46. Qd1 b3 47. g4 c4 48. gxf5+ Qxf5 49. Qd8 b2 50.
Qb6+ Qf6 51. Qb7 c3 52. Qxe4+ Qf5 53. Qe8+ Kh6 0-1

[Event "38th Olympiad"]
[Site "Dresden GER"]
[Date "2008.11.16"]
[Round "4"]
[White "Sousa,A"]
[Black "Meddeb,A"]
[Result "1/2-1/2"]
[WhiteElo "2210"]
[BlackElo "2071"]
[EventDate "2008.11.13"]

1. e4 c5 2. Nf3 Nc6 3. d4 cxd4 4. Nxd4 e5 5. Nb3 Nf6 6. Nc3 Be7 7. Be2 O-O
8. O-O d6 9. f4 exf4 10. Bxf4 Ne5 11. Kh1 a6 12. Nd4 Qc7 13. Bg5 Be6 14.
Nf5 Bxf5 15. Rxf5 Rac8 16. Qe1 b5 17. a3 Qb7 18. Bd3 Rc5 19. Qf1 Nfg4 20.
Nd5 Bxg5 21. Rxg5 f6 22. Rf5 Nxd3 23. Qxd3 Ne5 24. Qg3 Kh8 25. c3 Rc4 26.
Re1 Qf7 27. Rf2 Re8 28. Nb6 Rc6 29. Nd5 Rc4 30. Nb6 Rc6 31. Nd5 Rc4 1/2-1/2

[Event "38th Olympiad"]
[Site "Dresden GER"]
[Date "2008.11.16"]
[Round "4"]
[White "Mansour,Sam"]
[Black "Pornariyasombat,A"]
[Result "1-0"]
[WhiteElo "2285"]
[BlackElo "2173"]
[EventDate "2008.11.13"]

1. d4 Nf6 2. Nf3 g6 3. Bg5 Ne4 4. Bh4 Bg7 5. e3 c5 6. Nbd2 Qa5 7. c3 Nxd2
8. Qxd2 d5 9. Bd3 Nc6 10. O-O O-O 11. a3 c4 12. Bc2 Bg4 13. Ne5 Nxe5 14.
dxe5 Bxe5 15. Bxe7 Rfe8 16. Bh4 Qc5 17. Bd1 Bf5 18. Be2 h6 19. Rad1 g5 20.
Bg3 Rad8 21. Bxe5 Rxe5 22. Qd4 Qxd4 23. Rxd4 Bc2 24. Bxc4 Kf8 25. Be2 Rc8
26. Rc1 Bf5 27. Rcd1 Be6 28. Bf3 Rc5 29. Kf1 f5 30. g3 a5 31. Ke1 b5 32.
Kd2 Ke7 33. b4 axb4 34. axb4 Rc7 35. Ra1 g4 36. Be2 Rb7 37. Ra8 Kf6 38. Ra6
Ke7 39. h3 Re4 40. hxg4 Rxd4+ 41. exd4 fxg4 42. Rc6 h5 43. Rc5 Ra7 44. Bxb5
Ra2+ 45. Ke3 Ra1 46. Be2 Re1 47. b5 h4 48. gxh4 g3 49. fxg3 Bg4 50. Rxd5
Rxe2+ 51. Kf4 Be6 52. Re5 Rf2+ 53. Ke3 Rg2 54. d5 Rxg3+ 55. Ke4 1-0

[Event "38th Olympiad"]
[Site "Dresden GER"]
[Date "2008.11.16"]
[Round "4"]
[White "Teerapabpaisit,W"]
[Black "Mohannad,F"]
[Result "0-1"]
[WhiteElo "2306"]
[BlackElo "2269"]
[EventDate "2008.11.13"]

1. e4 c5 2. Nf3 Nc6 3. d4 cxd4 4. Nxd4 Nf6 5. Nc3 e5 6. Ndb5 d6 7. Bg5 a6
8. Na3 b5 9. Nd5 Be7 10. Bxf6 Bxf6 11. c3 Ne7 12. Nc2 Nxd5 13. Qxd5 Rb8 14.
Rd1 Bb7 15. Qxd6 Qxd6 16. Rxd6 Be7 17. Rd1 Bxe4 18. Ne3 Rd8 19. Rxd8+ Kxd8
20. a4 bxa4 21. Bxa6 Kc7 22. f3 Bc6 23. Ke2 Rb8 24. Rb1 e4 25. fxe4 Bxe4
26. Bd3 Bc6 27. Nf5 Bf6 28. g3 Bd5 29. Nd4 Ba2 30. Rd1 Rxb2+ 31. Rd2 Rxd2+
32. Kxd2 Bxd4 33. cxd4 Be6 34. Kc3 a3 35. Bxh7 g6 36. h4 Kd6 37. h5 gxh5
38. Be4 f6 39. Bg6 a2 40. Kb2 Kd5 41. Bxh5 Kxd4 42. Bg6 Ke3 43. Bh7 Kf3 44.
Bg6 Kxg3 45. Bh7 Kg4 46. Bc2 Kf4 47. Bg6 Bd5 48. Bh7 Ke5 49. Bg6 Be4 50.
Bh5 f5 51. Kxa2 f4 52. Kb2 Kd4 53. Bg4 Ke3 54. Kc3 Bd3 55. Bh3 f3 56. Bg4
f2 57. Bh3 Ba6 58. Kc2 Kf3 59. Kd2 Bb5 0-1